INFLUENCE OF THE AIR TEMPERATURE ON THE BEGINNING OF FLOWERING

Bibliographic Details
Main Authors: Braslavská, Oľga (Author), Borsányi, Peter (Author)
Format: Article
Language:English
ISBN:8085754053

MARC

LEADER 00000naa a2200000uu 4500
001 vtls011085009
003 SK-MaSNL
005 20260302105108.0
008 210905|1996 xo |||||||||||||||||eng|
015 |a SNBRA 
035 |a (urnnbn)urn:nbn:sk:snk:ar-a0clob 
035 |a (uuid)12bfdea1-1c7a-4978-957e-499e3f6d680f 
035 |a urn:nbn:sk:snk-aavrkb 
040 |a SNKBUCL  |b slo  |c SNKBUCL  |e AACR2 
041 0 |a eng 
044 |a xo  |c SK 
100 1 |a Braslavská, Oľga  |4 aut  |9 453663 
245 1 0 |a INFLUENCE OF THE AIR TEMPERATURE ON THE BEGINNING OF FLOWERING  |c Oľga Braslavská, Peter Borsányi 
700 1 |a Borsányi, Peter  |4 aut  |9 438660 
773 0 |t Meteorological processes in the boundary layer of the atmosphere  |d Bratislava : Geophysical Institute of the Slovak Academy of Sciences, 1996  |g S. 91-96  |z 8085754053 
958 |a OND 
958 |a article12 
958 |a chapter 
999 |c 1237375  |d 1239305